Central Library OPAC University of Rajshahi

Genetics and the social behaviour of the dog / (Record no. 31716)

MARC details
000 -LEADER
fixed length control field 00803nam a2200265 a 4500
001 - CONTROL NUMBER
control field 31716
003 - CONTROL NUMBER IDENTIFIER
rucl marc code BD-RjUL
005 - DATE AND TIME OF LATEST TRANSACTION
control field 20211209051735.0
008 - FIXED-LENGTH DATA ELEMENTS--GENERAL INFORMATION
fixed length control field 140421s1965 ilu 001 0 eng d
035 ## - SYSTEM CONTROL NUMBER
System control number (BD-RjUL)31804
040 ## - CATALOGING SOURCE
Original cataloging agency ANL
Language of cataloging eng
Transcribing agency ANL
Modifying agency ABN:1
041 ## - LANGUAGE CODE
Language code of text/sound track or separate title eng
082 04 - DEWEY DECIMAL CLASSIFICATION NUMBER
Classification number 599.7444
Author mark and year SCG 1965
100 1# - MAIN ENTRY--PERSONAL NAME
Personal name Scott, John Paul,
Dates associated with a name 1909-
9 (RLIN) 96532
245 10 - TITLE STATEMENT
Title Genetics and the social behaviour of the dog /
Statement of responsibility, etc. John Paul Scott and John L. Puller.
260 ## - PUBLICATION, DISTRIBUTION, ETC. (IMPRINT)
Place of publication, distribution, etc. Chicago :
Name of publisher, distributor, etc. University of Chicago Press,
Date of publication, distribution, etc. c1965.
300 ## - PHYSICAL DESCRIPTION
Pagination xviii, 468 p. :
Illustrations ill.,
Size 23 cm.
504 ## - BIBLIOGRAPHY, ETC. NOTE
Bibliography, etc Bibliography: p. 435-447.
Bibliography, etc Includes index.
650 #0 - SUBJECT ADDED ENTRY--TOPICAL TERM
Topical term or geographic name as entry element Dogs.
9 (RLIN) 96533
Topical term or geographic name as entry element Heredity.
9 (RLIN) 96534
Topical term or geographic name as entry element Psychology, Comparative.
9 (RLIN) 5510
700 1# - ADDED ENTRY--PERSONAL NAME
Personal name Fuller, John L.
942 ## - ADDED ENTRY ELEMENTS (KOHA)
Source of classification or shelving scheme Dewey Decimal Classification
Koha item type Books
Holdings
Lost status Source of classification or shelving scheme Damaged status Not for loan Collection code Permanent Location Current Location Shelving location Date acquired Source of acquisition Total Checkouts Full call number Date last seen Copy number Koha item type
  Dewey Decimal Classification   Not For Loan Non-fiction Central Library, University of Rajshahi Central Library, University of Rajshahi Reading Room 14/06/1967 Asia Foundation   599.7444 SCG 1965 21/04/2014 C-1 Books